<?xml version="1.0" encoding="UTF-8"?>
<record
    xmlns:xsi="http://www.w3.org/2001/XMLSchema-instance"
    xsi:schemaLocation="http://www.loc.gov/MARC21/slim http://www.loc.gov/standards/marcxml/schema/MARC21slim.xsd"
    xmlns="http://www.loc.gov/MARC21/slim">

  <leader>00918nam a22002657a 4500</leader>
  <controlfield tag="003">AUA.1</controlfield>
  <controlfield tag="005">20250929183008.0</controlfield>
  <controlfield tag="008">111220t        xxu||||| |||| 00| 0 eng d</controlfield>
  <datafield tag="010" ind1=" " ind2=" ">
    <subfield code="a">8171768</subfield>
  </datafield>
  <datafield tag="020" ind1=" " ind2=" ">
    <subfield code="a">0849902231</subfield>
  </datafield>
  <datafield tag="040" ind1=" " ind2=" ">
    <subfield code="c">FF</subfield>
  </datafield>
  <datafield tag="050" ind1=" " ind2=" ">
    <subfield code="a">BS491.2</subfield>
    <subfield code="b">.W67 1985</subfield>
  </datafield>
  <datafield tag="100" ind1=" " ind2=" ">
    <subfield code="a">Watts, John D. W.</subfield>
    <subfield code="9">17992</subfield>
  </datafield>
  <datafield tag="245" ind1=" " ind2=" ">
    <subfield code="a">Word Biblical commentary :</subfield>
    <subfield code="b">Isaiah 1-33 /</subfield>
    <subfield code="c">John D. W. Watts.</subfield>
  </datafield>
  <datafield tag="260" ind1=" " ind2=" ">
    <subfield code="a">Waco, Texas :</subfield>
    <subfield code="b">Word Books,</subfield>
    <subfield code="c">c1985.</subfield>
  </datafield>
  <datafield tag="300" ind1=" " ind2=" ">
    <subfield code="a">lvii, 448 p. :</subfield>
    <subfield code="c">24 cm.</subfield>
  </datafield>
  <datafield tag="440" ind1=" " ind2=" ">
    <subfield code="a">Word Biblical commentary :</subfield>
    <subfield code="n">v.24</subfield>
    <subfield code="9">48969</subfield>
  </datafield>
  <datafield tag="504" ind1=" " ind2=" ">
    <subfield code="a">include bibliography and index.</subfield>
  </datafield>
  <datafield tag="650" ind1=" " ind2=" ">
    <subfield code="v">Isaiah</subfield>
    <subfield code="x">Bible</subfield>
    <subfield code="y">Commentaries</subfield>
    <subfield code="9">17993</subfield>
  </datafield>
  <datafield tag="700" ind1=" " ind2=" ">
    <subfield code="a">Hubbard, David A.    </subfield>
    <subfield code="9">17994</subfield>
    <subfield code="4">General ed.</subfield>
  </datafield>
  <datafield tag="700" ind1=" " ind2=" ">
    <subfield code="a">Barker, Glenn W.</subfield>
    <subfield code="4">General ed.</subfield>
    <subfield code="9">48970</subfield>
  </datafield>
  <datafield tag="700" ind1=" " ind2=" ">
    <subfield code="a">Watts, John, D. W.</subfield>
    <subfield code="4">Old Testament ed.</subfield>
    <subfield code="9">48971</subfield>
  </datafield>
  <datafield tag="700" ind1=" " ind2=" ">
    <subfield code="a">Martin, Ralph P.</subfield>
    <subfield code="4">New Testament ed.</subfield>
    <subfield code="9">48972</subfield>
  </datafield>
  <datafield tag="942" ind1=" " ind2=" ">
    <subfield code="2">lcc</subfield>
    <subfield code="c">REF</subfield>
    <subfield code="h">BS 491.2</subfield>
    <subfield code="i">.W67 1985</subfield>
  </datafield>
  <datafield tag="999" ind1=" " ind2=" ">
    <subfield code="c">5186</subfield>
    <subfield code="d">5186</subfield>
  </datafield>
  <datafield tag="952" ind1=" " ind2=" ">
    <subfield code="0">0</subfield>
    <subfield code="1">0</subfield>
    <subfield code="2">lcc</subfield>
    <subfield code="4">0</subfield>
    <subfield code="7">0</subfield>
    <subfield code="8">REF</subfield>
    <subfield code="a">AUA.1</subfield>
    <subfield code="b">AUA.1</subfield>
    <subfield code="c">REF</subfield>
    <subfield code="d">2011-12-20</subfield>
    <subfield code="e">Bought by JTL</subfield>
    <subfield code="g">25.00</subfield>
    <subfield code="h">AUA006004</subfield>
    <subfield code="l">0</subfield>
    <subfield code="o">BS 491.2 .W67 1985</subfield>
    <subfield code="p">AUA006004</subfield>
    <subfield code="r">2011-12-20 00:00:00</subfield>
    <subfield code="t">v.24</subfield>
    <subfield code="v">25.00</subfield>
    <subfield code="w">2011-12-20</subfield>
    <subfield code="y">REF</subfield>
  </datafield>
</record>
